[Event "EU-Cup 13th Group6"]
[Site "Heraklion"]
[Date "1997.10.11"]
[Round "2"]
[White "Dalkiran, Sertac"]
[Black "Onischuk, Alexander"]
[Result "0-1"]
[WhiteElo "2080"]
[BlackElo "2625"]
[PlyCount "50"]
[EventDate "1997.10.10"]
[EventType "team-k.o."]
[EventRounds "3"]
[EventCountry "GRE"]
[SourceTitle "EXT 2020"]
[Source "ChessBase"]
[SourceDate "2019.10.17"]
[SourceVersion "1"]
[SourceVersionDate "2019.10.17"]
[SourceQuality "1"]
[WhiteTeam "Istanbul Oyak Sigorta"]
[BlackTeam "Azov Ladya"]
[WhiteTeamCountry "TUR"]
[BlackTeamCountry "RUS"]

1. d4 f5 2. e4 fxe4 3. Nc3 Nf6 4. g4 h6 5. g5 hxg5 6. Bxg5 d5 7. h4 Nc6 8. f3 Bf5 9. Bh3 Qd7 10. Bxf5 Qxf5 11. a3 0-0-0 12. Qd2 e5 13. Bxf6 gxf6 14. fxe4 dxe4 15. d5 Nd4 16. Qg2 Bh6 17. Rd1 Rhg8 18. Qxe4 Nxc2+ 19. Ke2 Qh5+ 20. Kd3 Ne3 21. Re1 Rg4 22. Rxe3 Rxe4 23. Rxe4 c6 24. Rc4 Rxd5+ 25. Nxd5 Qd1+ 0-1